2018年 プロ野球ドラフト会議 支配下指名選手 - Statistics

General Stats
  • This quiz has been taken 14 times
  • The average score is 23 of 83
Answer Stats
Answer % Correct
根尾 昂
83%
藤原 恭大
83%
小園 海斗
75%
近本 光司
75%
吉田 輝星
75%
万波 中正
58%
辰己 涼介
58%
上茶谷 大河
50%
甲斐野 央
50%
野村 佑希
50%
髙橋 優貴
42%
横川 凱
42%
松本 航
42%
生田目 翼
42%
柿木 蓮
42%
太田 椋
42%
島内 颯太郎
33%
林 晃汰
33%
羽月 隆太郎
33%
清水 昇
33%
戸郷 翔征
33%
小幡 竜平
33%
木浪 聖也
33%
湯浅 京己
33%
渡邉 勇太朗
33%
田宮 裕涼
33%
小郷 裕哉
33%
中神 拓都
25%
勝又 温史
25%
梅津 晃大
25%
石橋 康太
25%
垣越 建伸
25%
齋藤 友貴哉
25%
川原 陸
25%
山野辺 翔
25%
森脇 亮介
25%
佐藤 龍世
25%
頓宮 裕真
25%
中川 圭太
25%
太田 光
25%
渡邊 佳明
25%
田中 法彦
17%
正隨 優弥
17%
中山 翔太
17%
市川 悠太
17%
濱田 太貴
17%
坂本 光士郎
17%
鈴木 裕太
17%
久保 拓眞
17%
吉田 大成
17%
増田 陸
17%
直江 大輔
17%
松井 義弥
17%
伊藤 裕季也
17%
大貫 晋一
17%
益子 京右
17%
知野 直人
17%
勝野 昌慶
17%
滝野 要
17%
粟津 凱士
17%
牧野 翔矢
17%
杉山 一樹
17%
野村 大樹
17%
板東 湧梧
17%
水谷 瞬
17%
泉 圭輔
17%
奥村 政稔
17%
福田 俊
17%
荒西 祐大
17%
富山 凌雅
17%
宜保 翔
17%
左澤 優
17%
東妻 勇輔
17%
小島 和哉
17%
山口 航輝
17%
中村 稔弥
17%
古谷 拓郎
17%
松田 進
17%
土居 豪人
17%
引地 秀一郎
17%
弓削 隼人
17%
佐藤 智輝
17%
鈴木 翔天
17%
No matching quizzes found
Score Distribution
Percent of People with Each Score
Percentile by Number Answered
Your Score History
You have not taken this quiz